Harry Potter Trivia - Statistics

General Stats
  • This quiz has been taken 49 times
  • The average score is 5 of 10
Answer Stats
Question Answer % Correct
Who told harry he was a wizard Hagrid
100%
Who created harry potter (Books) J.K. Rowling
79%
Who is harry potters best friend #1 Ron Weasley
66%
Who is henry's enemy (besides Voldemort) Draco Malfoy
61%
Who is harry potters best friend #2 Hermione Granger
58%
In the 3rd harry potter book who was Harry potters godfather Sirius Black
42%
Who is the Headmaster at Harry's School Albus Dumbledore
29%
Who was Harry Potters Uncle Uncle Vernon
29%
What day was it when harry was told he was a wizard Harry's Birthday
16%
Who is Professor Lupins wife Nymphadora Tonks
16%
No matching quizzes found
Score Distribution
Percent of People with Each Score
Percentile by Number Answered
Your Score History
You have not taken this quiz